000 nam a22 7a 4500
999 _c128150
_d128150
008 180912b xxu||||| |||| 00| 0 eng d
050 _aPR4813H44A6 1963
100 _aGardner, W. H
_942147
245 _aPoems and prose of Gerard Manley Hopkins
_cW. H. Gardner
260 _c1963
_dPenguin boks